[Event "Cluj GP Rapid"]
[Site "Cluj"]
[Date "2024.06.14"]
[Round "9"]
[White "Coicev, Matei Andrei"]
[Black "Visanescu, Dragos Nicholas"]
[Result "1-0"]
[WhiteElo "2273"]
[BlackElo "1930"]
[PlyCount "53"]
[EventDate "2024.06.13"]
[EventType "swiss (rapid)"]
[EventRounds "10"]
[EventCountry "ROU"]
[SourceTitle "CB25_2024"]
[SourceDate "2024.06.01"]
[SourceVersion "1"]
[SourceVersionDate "2024.06.01"]
[SourceQuality "2"]

1. c4 e6 2. g3 d5 3. Bg2 Nf6 4. Nf3 Be7 5. 0-0 0-0 6. b3 a5 7. Ba3 Bxa3 8. Nxa3 c6 9. d3 Nbd7 10. Nc2 b5 11. Rc1 Qb6 12. Qd2 Bb7 13. Qe3 a4 14. Qxb6 Nxb6 15. cxb5 cxb5 16. Nfd4 Ba6 17. Nb4 e5 18. Nxa6 exd4 19. Nc7 Ra5 20. b4 Ra7 21. Nxb5 Re7 22. Nxd4 g6 23. Rc6 Nfd7 24. Rfc1 Rb8 25. Rc7 Ree8 26. Bh3 Red8 27. Nc6 1-0

[Event "Arad op 16th"]
[Site "Arad"]
[Date "2023.08.07"]
[Round "1"]
[White "Visanescu, Dragos Nicholas"]
[Black "Vanczak, Tamas"]
[Result "0-1"]
[WhiteElo "1853"]
[BlackElo "2408"]
[PlyCount "80"]
[EventDate "2023.08.07"]
[EventType "swiss"]
[EventRounds "9"]
[EventCountry "ROU"]
[SourceTitle "EXT 2024"]
[Source "ChessBase"]
[SourceDate "2023.10.10"]
[SourceVersion "1"]
[SourceVersionDate "2023.10.10"]
[SourceQuality "1"]

1. e4 c6 2. d4 d5 3. exd5 cxd5 4. Bd3 Nc6 5. c3 g6 6. h3 Bg7 7. Nf3 Nf6 8. 0-0 Nh5 9. Re1 0-0 10. Ne5 Qc7 11. Qe2 Re8 12. g4 Nf6 13. Bf4 Qb6 14. Bg3 Nd7 15. Bb5 Ndxe5 16. Bxe5 f6 17. Bg3 Bd7 18. Na3 a6 19. Bxc6 bxc6 20. Rad1 Rad8 21. c4 Bc8 22. b3 e5 23. Qb2 exd4 24. Rxe8+ Rxe8 25. cxd5 cxd5 26. Qxd4 Qxd4 27. Rxd4 f5 28. Rxd5 Bb7 29. Rd1 Bf3 30. Rf1 fxg4 31. hxg4 Re4 32. Nc4 Rxg4 33. Ne3 Rg5 34. Rc1 Bd4 35. Rc4 Bxe3 36. fxe3 Rxg3+ 37. Kf2 Rh3 38. a4 Bd5 39. Rc8+ Kf7 40. b4 g5 0-1

[Event "ROM-ch"]
[Site "Eforie Nord"]
[Date "2022.02.24"]
[Round "6"]
[White "Dragomirescu, Calin"]
[Black "Visanescu, Dragos Nicholas"]
[Result "1-0"]
[WhiteElo "2092"]
[BlackElo "1781"]
[PlyCount "119"]
[EventDate "2022.02.20"]
[EventType "swiss"]
[EventRounds "9"]
[EventCountry "ROU"]
[SourceTitle "CBM 207 Extra"]
[Source "ChessBase"]
[SourceDate "2022.05.31"]
[SourceVersion "1"]
[SourceVersionDate "2022.05.31"]
[SourceQuality "1"]

1. d4 d5 2. Nf3 e6 3. c4 Nf6 4. g3 Be7 5. Bg2 0-0 6. 0-0 c6 7. Qc2 b6 8. Nbd2 Bb7 9. e4 Na6 10. a3 c5 11. cxd5 exd5 12. e5 Nd7 13. Re1 Nc7 14. Nf1 Ne6 15. Ne3 g6 16. dxc5 bxc5 17. h4 Nb6 18. h5 d4 19. Ng4 d3 20. Qd1 Rb8 21. hxg6 hxg6 22. b3 c4 23. bxc4 Nxc4 24. Bh6 Bxf3 25. Qxf3 d2 26. Red1 Nd4 27. Qd5 Qxd5 28. Bxd5 Rfc8 29. Bxd2 Nb3 30. Bf4 g5 31. Be3 Nxe3 32. Nxe3 Nxa1 33. Rxa1 Rb2 34. Rf1 Rc5 35. e6 f6 36. Rd1 Rbb5 37. g4 Ra5 38. Be4 Ra4 39. Bg6 Rc7 40. Rb1 Bxa3 41. Bf7+ Kh7 42. Kg2 Bc1 43. Nd5 Rxf7 44. Rxc1 Rxg4+ 45. Kf3 Rd4 46. exf7 Kg7 47. Ne3 Kxf7 48. Rc7+ Kg6 49. Rxa7 f5 50. Ra6+ Kh5 51. Rh6+ Kxh6 52. Nxf5+ Kh5 53. Nxd4 Kh4 54. Kg2 Kg4 55. Nc2 Kf4 56. Ne3 Ke4 57. Kg3 Kd3 58. Kf3 Kd2 59. Ng4 Kd3 60. Ne5+ 1-0

[Event "ROM-ch U12"]
[Site "Calimanesti Caciulata"]
[Date "2019.04.16"]
[Round "2"]
[White "Bilcu, Marco Octavian"]
[Black "Visanescu, Dragos Nicholas"]
[Result "0-1"]
[WhiteElo "1267"]
[BlackElo "1530"]
[PlyCount "117"]
[EventDate "2019.04.15"]
[EventType "swiss"]
[EventRounds "9"]
[EventCountry "ROU"]
[SourceTitle "CBM 190 Extra"]
[Source "ChessBase"]
[SourceDate "2019.07.15"]
[SourceVersion "1"]
[SourceVersionDate "2019.07.15"]
[SourceQuality "1"]

1. e4 e5 2. Nf3 Nc6 3. Bc4 Bc5 4. c3 Nf6 5. d3 d6 6. Bg5 a6 7. 0-0 Ba7 8. Nbd2 0-0 9. Re1 Na5 10. Rc1 Nxc4 11. Nxc4 b5 12. Ncd2 c5 13. Nf1 Be6 14. a3 Qd7 15. Bxf6 gxf6 16. Ng3 Kh8 17. Qd2 Rg8 18. Nh4 Rg4 19. Qh6 Qe7 20. Nhf5 Bxf5 21. Nxf5 Qe6 22. Re3 Rg6 23. Qh4 Qe8 24. Kh1 Rg5 25. Nxd6 Qg8 26. Nf5 Re8 27. Rf1 Re6 28. Rf3 Bb8 29. Rg3 Rxg3 30. Qxg3 Qxg3 31. Nxg3 Rd6 32. Rd1 Ba7 33. Nf5 Rd7 34. g3 a5 35. f4 exf4 36. gxf4 Bb8 37. Ne3 Bxf4 38. Nd5 Bg5 39. c4 bxc4 40. dxc4 Bf4 41. Rf1 Be5 42. h3 Kg7 43. b3 Rb7 44. Rb1 Rb8 45. Kg2 Re8 46. Kf3 Bd6 47. Rg1+ Kh8 48. Nxf6 Rb8 49. Rb1 a4 50. Ke2 axb3 51. Kd3 b2 52. Kc2 Kg7 53. Ng4 h5 54. e5 hxg4 55. exd6 gxh3 56. d7 Kf8 57. d8Q+ Rxd8 58. Kxb2 Rb8+ 59. Kc2 0-1

[Event "ROM-ch U12"]
[Site "Calimanesti"]
[Date "2018.03.29"]
[Round "4"]
[White "Dobre, Radu Fabian"]
[Black "Visanescu, Dragos Nicholas"]
[Result "1-0"]
[WhiteElo "1859"]
[BlackElo "1478"]
[PlyCount "81"]
[EventDate "2018.03.27"]
[EventType "swiss"]
[EventRounds "9"]
[EventCountry "ROU"]
[SourceTitle "CBM 183 Extra"]
[Source "ChessBase"]
[SourceDate "2018.04.19"]
[SourceVersion "1"]
[SourceVersionDate "2018.04.19"]
[SourceQuality "1"]

1. e4 e5 2. Nf3 Nc6 3. Bc4 Bc5 4. d3 Nf6 5. Bb3 d6 6. c3 Bb6 7. 0-0 0-0 8. Nbd2 Bg4 9. h3 Bxf3 10. Qxf3 Ne7 11. Re1 Ng6 12. Nf1 c6 13. Bg5 h6 14. Bd2 Re8 15. Ng3 d5 16. Rad1 d4 17. Nf5 c5 18. h4 h5 19. Bg5 Ba5 20. Nh6+ gxh6 21. Bxf6 Qd6 22. Bxf7+ Kh7 23. Bxg6+ Kg8 24. Bf7+ Kf8 25. Bxh5 Qe6 26. Bxe8 Kxe8 27. Qh5+ Kd7 28. Qxe5 Qf7 29. Qd5+ Qxd5 30. exd5 dxc3 31. Re7+ Kc8 32. Re8+ Kd7 33. Rxa8 cxb2 34. Bxb2 Bb6 35. g3 a6 36. Re1 Bd8 37. Re6 Be7 38. Be5 Bd8 39. Rd6+ Ke7 40. Raxd8 c4 41. R6d7# 1-0

[Event "ROM-ch U12"]
[Site "Calimanesti"]
[Date "2018.03.27"]
[Round "1"]
[White "Visanescu, Dragos Nicholas"]
[Black "Balaban, Nicolae Adrian"]
[Result "1-0"]
[WhiteElo "1478"]
[BlackElo "1032"]
[PlyCount "77"]
[EventDate "2018.03.27"]
[EventType "swiss"]
[EventRounds "9"]
[EventCountry "ROU"]
[SourceTitle "CBM 183 Extra"]
[Source "ChessBase"]
[SourceDate "2018.04.19"]
[SourceVersion "1"]
[SourceVersionDate "2018.04.19"]
[SourceQuality "1"]

1. e4 c5 2. Nf3 d6 3. Bb5+ Bd7 4. Bxd7+ Nxd7 5. 0-0 Ngf6 6. Re1 e6 7. c3 d5 8. e5 Ng8 9. d4 cxd4 10. cxd4 g6 11. Nc3 a6 12. Be3 Bg7 13. Rc1 Ne7 14. Bg5 h6 15. Bxe7 Qxe7 16. Na4 0-0 17. Rc7 Rab8 18. Nc5 Rfd8 19. Nxb7 Qe8 20. Nxd8 Qxd8 21. Qc2 Nb6 22. Rc3 Nc4 23. b3 Na3 24. Qc1 Bf8 25. Rc6 a5 26. Re3 Kh7 27. Rec3 Nb5 28. Rc2 Ba3 29. Qf4 Kg7 30. Nd2 Be7 31. Nf3 Na3 32. Rc1 Nb5 33. a4 Na7 34. Rc7 Nc8 35. Qd2 Bb4 36. Qc2 Nb6 37. Qc6 Ba3 38. Qxe6 Bxc1 39. Qxf7+ 1-0

[Event "ROM-ch U10"]
[Site "Baile Felix"]
[Date "2017.02.05"]
[Round "4"]
[White "Visanescu, Dragos Nicholas"]
[Black "Magold, Filip"]
[Result "1/2-1/2"]
[WhiteElo "1353"]
[BlackElo "1425"]
[PlyCount "60"]
[EventDate "2017.02.02"]
[EventType "swiss"]
[EventRounds "9"]
[EventCountry "ROU"]
[SourceTitle "CBM 176 Extra"]
[Source "ChessBase"]
[SourceDate "2017.03.02"]
[SourceVersion "1"]
[SourceVersionDate "2017.03.02"]
[SourceQuality "1"]

1. e4 c6 2. d4 d5 3. exd5 cxd5 4. Bd3 Nc6 5. c3 Nf6 6. Bf4 e6 7. Nf3 Bd6 8. Bxd6 Qxd6 9. Nbd2 Bd7 10. Qe2 Rc8 11. Ne5 a6 12. Ndf3 0-0 13. 0-0 Ne7 14. Rfe1 Ng6 15. Qd2 Qb6 16. Re3 Bb5 17. Bxb5 Qxb5 18. Nxg6 hxg6 19. Ne5 Ne4 20. Qe2 Qe8 21. f3 Nd6 22. Qf2 b5 23. g4 Nc4 24. Nxc4 bxc4 25. f4 Qd7 26. Rf1 Qe7 27. f5 Qg5 28. Qf4 Qxf4 29. Rxf4 gxf5 30. gxf5 Rfe8 1/2-1/2

[Event "ROM-ch U10"]
[Site "Baile Felix"]
[Date "2017.02.03"]
[Round "2"]
[White "Visanescu, Dragos Nicholas"]
[Black "Bora, Gut Ianis"]
[Result "1-0"]
[WhiteElo "1353"]
[BlackElo "1001"]
[PlyCount "37"]
[EventDate "2017.02.02"]
[EventType "swiss"]
[EventRounds "9"]
[EventCountry "ROU"]
[SourceTitle "CBM 176 Extra"]
[Source "ChessBase"]
[SourceDate "2017.03.02"]
[SourceVersion "1"]
[SourceVersionDate "2017.03.02"]
[SourceQuality "1"]

1. e4 e5 2. Nf3 Bc5 3. Bc4 Nf6 4. Nxe5 0-0 5. 0-0 Nxe4 6. d4 Qh4 7. dxc5 Nc6 8. Nf3 Qd8 9. b3 Nxc5 10. Ba3 a5 11. Bxc5 Re8 12. Nc3 Ne5 13. Nxe5 Rxe5 14. Bd4 Rg5 15. Qf3 Qe7 16. Rfe1 Qd8 17. Qxf7+ Kh8 18. Re8+ Qxe8 19. Qxe8# 1-0

[Event "ROM-ch U10"]
[Site "Calimanesti Caciulata"]
[Date "2016.04.22"]
[Round "6"]
[White "Visanescu, Dragos Nicholas"]
[Black "Radu, Andrei1111"]
[Result "1-0"]
[WhiteElo "1216"]
[BlackElo "1024"]
[PlyCount "21"]
[EventDate "2016.04.18"]
[EventType "swiss"]
[EventRounds "9"]
[EventCountry "ROU"]
[SourceTitle "CBM 172 Extra"]
[Source "ChessBase"]
[SourceDate "2016.06.21"]
[SourceVersion "1"]
[SourceVersionDate "2016.06.21"]
[SourceQuality "1"]

1. e4 e5 2. Nf3 Nc6 3. Bc4 Nf6 4. Ng5 d5 5. exd5 Nxd5 6. Nxf7 Kxf7 7. Qf3+ Ke8 8. Bxd5 Qf6 9. Qxf6 gxf6 10. Nc3 Bd7 11. 0-0 1-0

[Event "ROM-ch U08"]
[Site "Calimanesti"]
[Date "2015.04.06"]
[Round "9"]
[White "Visanescu, Dragos Nicholas"]
[Black "Ianitchi Culea, David Stefan"]
[Result "1-0"]
[WhiteElo "1059"]
[BlackElo "1006"]
[PlyCount "32"]
[EventDate "2015.03.30"]
[EventType "swiss"]
[EventRounds "9"]
[EventCountry "ROU"]
[SourceTitle "CBM 165 Extra"]
[Source "ChessBase"]
[SourceDate "2015.04.21"]
[SourceVersion "1"]
[SourceVersionDate "2015.04.21"]
[SourceQuality "1"]

1. e4 e6 2. d4 d5 3. exd5 exd5 4. Nf3 Nc6 5. Bd3 Nf6 6. Bg5 Be6 7. Nbd2 Bd6 8. 0-0 0-0 9. Re1 h6 10. Bxf6 Qxf6 11. c3 Rfe8 12. Qc2 g6 13. Re2 Bd7 14. Rae1 Bg4 15. Rxe8+ Rxe8 16. Rxe8+ Kg7 1-0

[Event "ROM-ch U08"]
[Site "Calimanesti"]
[Date "2015.04.02"]
[Round "4"]
[White "Marginean, Bogdan Andrei"]
[Black "Visanescu, Dragos Nicholas"]
[Result "0-1"]
[WhiteElo "1130"]
[BlackElo "1059"]
[PlyCount "70"]
[EventDate "2015.03.30"]
[EventType "swiss"]
[EventRounds "9"]
[EventCountry "ROU"]
[SourceTitle "CBM 165 Extra"]
[Source "ChessBase"]
[SourceDate "2015.04.21"]
[SourceVersion "1"]
[SourceVersionDate "2015.04.21"]
[SourceQuality "1"]

1. e4 e5 2. Nf3 d6 3. d4 exd4 4. Qxd4 Nc6 5. Bb5 Bd7 6. Bxc6 Bxc6 7. Nc3 Nf6 8. Bg5 Be7 9. 0-0-0 a5 10. Rhe1 h6 11. Bxf6 Bxf6 12. e5 dxe5 13. Qxd8+ Rxd8 14. Rxd8+ Bxd8 15. Nxe5 0-0 16. g3 Bf6 17. Nxc6 bxc6 18. Ne4 Rb8 19. Nxf6+ gxf6 20. g4 a4 21. c3 c5 22. Re4 Ra8 23. f4 a3 24. b4 Rd8 25. Kc2 Kg7 26. f5 h5 27. gxh5 Kh6 28. h4 Kxh5 29. Rc4 Rd5 30. Rf4 Re5 31. c4 Re2+ 32. Kb1 Rb2+ 33. Ka1 Rh2 34. Re4 Rh1+ 35. Re1 Rxe1# 0-1